[Event "V Floripa Chess Open 2019"]
[Site "Florianopolis/SC"]
[Date "2019.01.23"]
[Round "4.51"]
[White "Laperuta, Renan Portes"]
[Black "Hataby, Raed"]
[Result "1/2-1/2"]
[WhiteElo "1566"]
[BlackElo "1948"]
[PlyCount "59"]
[EventDate "2019.01.21"]
[EventRounds "10"]
[EventCountry "BRA"]

1. e4 d6 2. Nf3 Nf6 3. d3 g6 4. Be2 Bg7 5. O-O c5 6. c3 O-O 7. h3 Nc6 8. Be3 h6 9. Nbd2 e5 10. Re1 Nh5 11. Nf1 Nf4 12. Qd2 Nxe2+ 13. Rxe2 Kh7 14. Ng3 f5 15. exf5 gxf5 16. Nxe5 Nxe5 17. Nh5 Nf7 18. Nxg7 Kxg7 19. d4 c4 20. Rae1 Bd7 21. d5 Re8 22. Qd4+ Kh7 23. Qxc4 Re4 24. Qd3 Ne5 25. Qc2 Qg8 26. Kh1 Qg6 27. f3 Rh4 28. Bf2 Rh5 29. f4 Rg8 30. Bd4 1/2-1/2

[Event "V Floripa Chess Open 2019"]
[Site "Florianopolis/SC"]
[Date "2019.01.23"]
[Round "4.52"]
[White "Marques, Eudes Pinto"]
[Black "Calcado, Acyr Rogerio"]
[Result "0-1"]
[WhiteElo "1896"]
[BlackElo "2141"]
[PlyCount "96"]
[EventDate "2019.01.21"]
[EventRounds "10"]
[EventCountry "BRA"]

1. c4 e6 2. Nf3 d5 3. e3 Nf6 4. b3 Be7 5. Bb2 O-O 6. d3 dxc4 7. bxc4 c5 8. Nbd2 Nc6 9. Be2 Qc7 10. O-O b6 11. a3 Bb7 12. Qc2 Rad8 13. Rac1 e5 14. Rfd1 Rfe8 15. Nf1 Bf8 16. Ng3 g6 17. d4 exd4 18. exd4 cxd4 19. Nxd4 Nxd4 20. Bxd4 Nd7 21. Bb2 Bg7 22. Bxg7 Kxg7 23. Rd2 Nc5 24. Rcd1 Rxd2 25. Qxd2 Qe5 26. Qd4 Qxd4 27. Rxd4 Re7 28. h4 Rd7 29. Rxd7 Nxd7 30. Nf1 Kf6 31. Ne3 Ke5 32. Nc2 Be4 33. Ne1 Kd4 34. f3 Bb1 35. Kf2 Ne5 36. f4 Nxc4 37. Nf3+ Kc3 38. Bxc4 Kxc4 39. Nd2+ Kc3 40. Ke3 Bf5 41. Nf3 Kb3 42. Nd4+ Kxa3 43. Nb5+ Kb4 44. Nxa7 Bd7 45. Kd4 Ka5 46. Kd5 Ka6 47. Nc6 Bxc6+ 48. Kxc6 Ka5 0-1

[Event "V Floripa Chess Open 2019"]
[Site "Florianopolis/SC"]
[Date "2019.01.23"]
[Round "4.53"]
[White "De Oliveira, Guilherme Alfredo B"]
[Black "De Carvalho, Christopher"]
[Result "1-0"]
[WhiteElo "1893"]
[BlackElo "2131"]
[PlyCount "71"]
[EventDate "2019.01.21"]
[EventRounds "10"]
[EventCountry "BRA"]

1. e4 e5 2. Nf3 Nc6 3. c3 d5 4. Qa4 f6 5. Bb5 Nge7 6. O-O a6 7. exd5 axb5 8. Qxa8 Nxd5 9. b4 Nb6 10. Qa3 Qd3 11. Ne1 Qg6 12. d3 Bd6 13. Qb3 Ke7 14. Na3 Be6 15. Qd1 e4 16. Nxb5 Bg4 17. f3 exf3 18. Nxf3 Ne5 19. Nxd6 cxd6 20. Nxe5 dxe5 21. Qd2 Rd8 22. d4 Nc4 23. Qe1 e4 24. Qg3 Nd6 25. Bd2 Nf5 26. Qf4 Nh4 27. Rf2 Kf8 28. h3 Nf3+ 29. gxf3 Bxh3+ 30. Kh1 exf3 31. Qxf3 Bg4 32. Qxb7 Be6 33. Rg2 Qh5+ 34. Kg1 g6 35. Qb6 Re8 36. Qc5+ 1-0

[Event "V Floripa Chess Open 2019"]
[Site "Florianopolis/SC"]
[Date "2019.01.23"]
[Round "4.54"]
[White "Pirola, Claudionor Alcides "]
[Black "Frankental, David"]
[Result "1-0"]
[WhiteElo "2130"]
[BlackElo "1886"]
[PlyCount "81"]
[EventDate "2019.01.21"]
[EventRounds "10"]
[EventCountry "BRA"]

1. g3 d5 2. Bg2 Nf6 3. Nf3 g6 4. c4 c6 5. d4 Bg7 6. Nc3 O-O 7. Qb3 e6 8. O-O Qb6 9. c5 Qxb3 10. axb3 Na6 11. Na4 Nd7 12. Bf4 e5 13. Nxe5 Bxe5 14. Bxe5 Nxe5 15. dxe5 Re8 16. f4 Bg4 17. Rfe1 f6 18. e4 dxe4 19. Rxe4 fxe5 20. Rae1 Bf5 21. Rxe5 Rxe5 22. Rxe5 Bc2 23. Re3 Rd8 24. Bf1 Rd4 25. Bc4+ Kf8 26. Kf2 Rxc4 27. bxc4 Bxa4 28. b3 Bxb3 29. Rxb3 Nxc5 30. Ra3 a6 31. Ke3 b5 32. cxb5 cxb5 33. Rc3 Nd7 34. Rc7 Nf6 35. Kd4 h6 36. Rc6 Kf7 37. Rxa6 Ng4 38. h3 Nf2 39. Ra2 Nh1 40. Rg2 b4 41. Ke3 1-0

[Event "V Floripa Chess Open 2019"]
[Site "Florianopolis/SC"]
[Date "2019.01.23"]
[Round "4.55"]
[White "Souza Dos Santos, Matheus Garcett"]
[Black "Dos Santos Junior, Haroldo Cunha"]
[Result "0-1"]
[WhiteElo "1891"]
[BlackElo "2129"]
[PlyCount "60"]
[EventDate "2019.01.21"]
[EventRounds "10"]
[EventCountry "BRA"]

1. e4 e5 2. Nf3 Nc6 3. Bb5 d6 4. O-O Nf6 5. Re1 a6 6. Ba4 b5 7. Bb3 Na5 8. c3 Nxb3 9. Qxb3 Bg4 10. Qd1 Be7 11. d3 O-O 12. Nbd2 Nd7 13. h3 Be6 14. d4 f6 15. Nf1 g6 16. d5 Bf7 17. g4 f5 18. Bh6 Re8 19. gxf5 gxf5 20. exf5 Kh8 21. Ne3 Rg8+ 22. Kh1 Bh4 23. Qd2 Bh5 24. Ng1 Bg5 25. Bxg5 Qxg5 26. Ne2 Qh4 27. Ng3 Nf6 28. Nxh5 Nxh5 29. Qe2 Nf4 30. Qf3 e4 0-1

[Event "V Floripa Chess Open 2019"]
[Site "Florianopolis/SC"]
[Date "2019.01.23"]
[Round "4.56"]
[White "Broday, Geovani Allan"]
[Black "Araujo, Everson De Moura"]
[Result "1/2-1/2"]
[WhiteElo "2129"]
[BlackElo "1884"]
[PlyCount "105"]
[EventDate "2019.01.21"]
[EventRounds "10"]
[EventCountry "BRA"]

1. e4 c5 2. Nf3 e6 3. c3 Nf6 4. d3 d6 5. g3 Be7 6. Bg2 O-O 7. O-O Nc6 8. Nbd2 h6 9. Qe2 Re8 10. Re1 Qc7 11. Nf1 Bf8 12. h3 e5 13. g4 g6 14. Ng3 Bg7 15. Nh2 Be6 16. h4 Qd7 17. g5 hxg5 18. hxg5 Nh7 19. f4 exf4 20. Bxf4 d5 21. Qf2 d4 22. c4 Ne5 23. Rad1 Rf8 24. Ngf1 Ng4 25. Nxg4 Bxg4 26. Rd2 f6 27. gxf6 Nxf6 28. Qh4 Nh5 29. Bg5 Bf6 30. Nh2 Be6 31. Rf1 Be5 32. Bh6 Rxf1+ 33. Bxf1 Kh7 34. Rg2 Qf7 35. Ng4 Bxg4 36. Qxg4 Kxh6 37. Qg5+ Kh7 38. Qxe5 Rf8 39. Be2 Qf4 40. Qg5 Qxg5 41. Rxg5 Nf4 42. Bf1 b6 43. b4 cxb4 44. Rb5 Ne6 45. Rxb4 Nc5 46. a4 Rf3 47. a5 Nxd3 48. Bxd3 Rxd3 49. axb6 axb6 50. Rxb6 Re3 51. Rd6 d3 52. c5 Rxe4 53. Rxd3 1/2-1/2

[Event "V Floripa Chess Open 2019"]
[Site "Florianopolis/SC"]
[Date "2019.01.23"]
[Round "4.57"]
[White "Fabrega, Enrique"]
[Black "Bonvini, Alberto Tonhati"]
[Result "1-0"]
[WhiteElo "2125"]
[BlackElo "1880"]
[PlyCount "89"]
[EventDate "2019.01.21"]
[EventRounds "10"]
[EventCountry "BRA"]

1. e4 e5 2. Nf3 Nc6 3. Bb5 a6 4. Bxc6 dxc6 5. d4 exd4 6. Qxd4 Qxd4 7. Nxd4 c5 8. Nb3 b6 9. Bf4 Bd6 10. e5 Be7 11. Nc3 Be6 12. Rd1 h5 13. O-O Nh6 14. Nd5 Bxd5 15. Rxd5 Rd8 16. Rfd1 Nf5 17. c4 O-O 18. h3 h4 19. Kf1 a5 20. a4 Rxd5 21. Rxd5 Rd8 22. Rxd8+ Bxd8 23. Ke2 g6 24. Kd3 c6 25. Nd2 g5 26. Ke4 Nh6 27. Be3 Kg7 28. g4 hxg3 29. fxg3 f5+ 30. exf6+ Bxf6 31. Nf3 Nf7 32. b3 Kg6 33. g4 Nd6+ 34. Kd3 Nf7 35. Bf2 Bd8 36. Bg3 Kf6 37. h4 gxh4 38. Bxh4+ Ke6 39. Bxd8 Nxd8 40. Ke4 Nf7 41. Kf4 Nd6 42. Ne5 b5 43. g5 b4 44. Nd3 Kf7 45. Ne5+ 1-0

[Event "V Floripa Chess Open 2019"]
[Site "Florianopolis/SC"]
[Date "2019.01.23"]
[Round "4.58"]
[White "Carstens Dobuchak, Thiago"]
[Black "Leon Lopes, Sergio Amadeus"]
[Result "1-0"]
[WhiteElo "2121"]
[BlackElo "1879"]
[PlyCount "44"]
[EventDate "2019.01.21"]
[EventRounds "10"]
[EventCountry "BRA"]

1. e4 d6 2. d4 Nf6 3. Nc3 g6 4. Bg5 Bg7 5. Qd2 c6 6. O-O-O Qa5 7. Kb1 Nbd7 8. Nf3 O-O 9. Nd5 Qd8 10. Nxf6+ exf6 11. Bh6 Re8 12. Bd3 Bxh6 13. Qxh6 Qa5 14. h4 b5 15. h5 Nf8 16. e5 dxe5 17. dxe5 Rxe5 18. Nxe5 fxe5 19. hxg6 fxg6 20. Rde1 Be6 21. b3 Qc3 22. Qg5 Rd8 1-0

[Event "V Floripa Chess Open 2019"]
[Site "Florianopolis/SC"]
[Date "2019.01.23"]
[Round "4.59"]
[White "Belmonte, Adriel"]
[Black "Poeta, Caio Medeiros"]
[Result "0-1"]
[WhiteElo "1879"]
[BlackElo "2110"]
[PlyCount "100"]
[EventDate "2019.01.21"]
[EventRounds "10"]
[EventCountry "BRA"]

1. d4 Nf6 2. c4 e6 3. Nc3 Bb4 4. Bg5 h6 5. Bh4 g5 6. Bg3 b6 7. a3 Bxc3+ 8. bxc3 Ne4 9. Qc2 Bb7 10. Be5 f6 11. Bg3 f5 12. f3 Nf6 13. e3 Nc6 14. e4 f4 15. e5 Kf7 16. Bf2 Ng8 17. h4 Nge7 18. Bd3 Qg8 19. Nh3 Qg7 20. O-O-O Rag8 21. Rdg1 Ke8 22. Be1 Qf8 23. Nf2 Nf5 24. Qb2 Na5 25. Ng4 Rg7 26. Nf6+ Kd8 27. Qb4 Ba6 28. Qa4 Ne3 29. Rh3 Bxc4 30. Bxc4 Nexc4 31. Rgh1 b5 32. Qxb5 Qxa3+ 33. Kb1 gxh4 34. Qb8+ Ke7 35. Qb4+ d6 36. Qxa3 Nxa3+ 37. Ka2 N3c4 38. Ng4 Rb8 39. Bxh4+ Kf7 40. Rb1 Rxb1 41. Kxb1 h5 42. Nf2 Rxg2 43. exd6 cxd6 44. Nd3 Nb3 45. Bf2 e5 46. dxe5 dxe5 47. Rxh5 Nbd2+ 48. Kc1 Nxf3 49. Bxa7 Kg6 50. Rxe5 Ra2 0-1

[Event "V Floripa Chess Open 2019"]
[Site "Florianopolis/SC"]
[Date "2019.01.23"]
[Round "4.60"]
[White "Frois, Vitor Amorim"]
[Black "Klein, Luan Carlos"]
[Result "1-0"]
[WhiteElo "2109"]
[BlackElo "1875"]
[PlyCount "117"]
[EventDate "2019.01.21"]
[EventRounds "10"]
[EventCountry "BRA"]

1. e4 e6 2. d3 d5 3. Nd2 Nf6 4. Ngf3 c5 5. g3 Nc6 6. Bg2 Be7 7. O-O b6 8. c3 Bb7 9. Qc2 Qc7 10. Re1 h6 11. a3 a6 12. Nf1 O-O-O 13. exd5 Nxd5 14. Ne3 g5 15. Nxd5 exd5 16. d4 Kb8 17. b4 c4 18. a4 Na7 19. Ne5 Bd6 20. f4 f6 21. Ng6 Rhg8 22. f5 h5 23. Bf3 h4 24. g4 Rge8 25. Be3 Nc8 26. Qg2 Qd7 27. a5 b5 28. Re2 Bc7 29. Rae1 Qf7 30. Bd2 Rxe2 31. Qxe2 Bd6 32. Qe6 Rd7 33. Kg2 Kc7 34. Re2 Kb8 35. Be1 Kc7 36. Bf2 Kb8 37. Be1 Kc7 38. Bd2 Kb8 39. Bc1 Kc7 40. Re1 Kb8 41. Ne5 h3+ 42. Kf2 fxe5 43. dxe5 Qh7 44. exd6 Qh4+ 45. Kf1 Rxd6 46. Qe5 Qh7 47. Qd4 Qg8 48. Be3 Qd8 49. Bf2 Qg8 50. Bg3 Ka8 51. Bxd6 Nxd6 52. Re6 Ne4 53. Bxe4 dxe4 54. Rd6 Qb8 55. Rd8 Bc8 56. Qxe4+ Ka7 57. Qd4+ Ka8 58. Qd5+ Ka7 59. Qc5+ 1-0

[Event "V Floripa Chess Open 2019"]
[Site "Florianopolis/SC"]
[Date "2019.01.23"]
[Round "4.61"]
[White "Resende, Lucas B. Massucato"]
[Black "Diaz, Fernando"]
[Result "0-1"]
[WhiteElo "1876"]
[BlackElo "2095"]
[PlyCount "196"]
[EventDate "2019.01.21"]
[EventRounds "10"]
[EventCountry "BRA"]

1. d4 Nf6 2. c4 e6 3. Nc3 Bb4 4. a3 Bxc3+ 5. bxc3 b6 6. e3 c5 7. Bd3 Bb7 8. f3 Nc6 9. Ne2 O-O 10. O-O Rc8 11. e4 d6 12. Bg5 h6 13. Bh4 g5 14. Bf2 e5 15. Ng3 Ne8 16. Nf5 Qf6 17. g3 cxd4 18. cxd4 Ng7 19. Nxg7 Qxg7 20. d5 Na5 21. Qa4 f6 22. Be1 Qc7 23. Kh1 Ba6 24. Rc1 Rfd8 25. f4 Kg7 26. fxe5 fxe5 27. Be2 Rf8 28. Bb4 Rcd8 29. Bxa5 bxa5 30. Rxf8 Rxf8 31. Rf1 Rxf1+ 32. Bxf1 Bc8 33. Qe8 Bg4 34. h3 Bf3+ 35. Bg2 Be2 36. Kh2 Bxc4 37. Bf3 Bd3 38. Bg2 a6 39. Kg1 Bb5 40. Qe6 Qd8 41. Kh2 Be8 42. Qg4 Bd7 43. Qf3 Qb6 44. Qc3 a4 45. Qc1 a5 46. Qc3 Qd8 47. Kh1 h5 48. Kh2 h4 49. gxh4 gxh4 50. Qc1 Kg6 51. Qd2 Qg5 52. Qc3 Qf4+ 53. Kh1 Kf6 54. Qxa5 Ke7 55. Qc3 Qf2 56. Qd3 Qc5 57. Kh2 Qd4 58. Qf3 Qd2 59. Kh1 Kd8 60. Qf8+ Kc7 61. Qf3 Kb6 62. Bf1 Qc1 63. Qf2+ Qc5 64. Qb2+ Kc7 65. Bg2 Qc4 66. Kh2 Qb3 67. Qc1+ Kb7 68. Kg1 Kb6 69. Kh1 Qg3 70. Qg1+ Kb7 71. Qb1+ Kc7 72. Qb4 Bxh3 73. Qa5+ Kc8 74. Qa8+ Kd7 75. Qc6+ Ke7 76. Qc7+ Bd7 77. Bf1 h3 78. Qc1 Qf4 79. Qxf4 exf4 80. Kg1 Kf6 81. Kf2 Ke5 82. Kf3 Be8 83. Bxh3 Bh5+ 84. Kf2 Kxe4 85. Bd7 Bd1 86. Bc6 Kd4 87. Ke1 Bb3 88. Kf2 Ke4 89. Ke2 f3+ 90. Kf2 Bd1 91. Bb7 Kd4 92. Bc6 Bb3 93. Be8 Kxd5 94. Kxf3 Kd4 95. Ke2 Kc3 96. Ke3 d5 97. Bb5 d4+ 98. Ke4 Bc2+ 0-1

[Event "V Floripa Chess Open 2019"]
[Site "Florianopolis/SC"]
[Date "2019.01.23"]
[Round "4.62"]
[White "Cordioli, Jairo Ribeiro"]
[Black "Souza Neves, Andrey M."]
[Result "0-1"]
[WhiteElo "1872"]
[BlackElo "2086"]
[PlyCount "108"]
[EventDate "2019.01.21"]
[EventRounds "10"]
[EventCountry "BRA"]

1. d4 Nf6 2. c4 e6 3. Nc3 Bb4 4. e3 O-O 5. a3 Bxc3+ 6. bxc3 b6 7. Ne2 Ba6 8. Ng3 Nc6 9. Bd3 Na5 10. Qe2 d5 11. cxd5 Bxd3 12. Qxd3 exd5 13. O-O c5 14. f3 Qc7 15. e4 cxd4 16. cxd4 Rac8 17. Bg5 Qc2 18. Rad1 Qxd3 19. Rxd3 Rc2 20. Bxf6 gxf6 21. Nh5 Rcc8 22. e5 fxe5 23. dxe5 Nc4 24. f4 Rfd8 25. Nf6+ Kf8 26. Nxh7+ Ke7 27. Nf6 d4 28. Ng4 Rc5 29. Nh6 Ne3 30. Rxe3 dxe3 31. Nf5+ Ke6 32. Nxe3 Rd2 33. Re1 Ra2 34. h4 Rxa3 35. Kf2 Rd3 36. g4 a5 37. h5 a4 38. h6 b5 39. Kf3 b4 40. Ke4 Rd8 41. f5+ Ke7 42. g5 b3 43. g6 b2 44. Rb1 a3 45. g7 a2 46. Rxb2 Rxe5+ 47. Kxe5 a1=Q 48. f6+ Kd7 49. Nc4 Qe1+ 50. Kf4 Qh4+ 51. Kf5 Qh5+ 52. Ke4 Qg4+ 53. Ke3 Qe6+ 54. Kd3 Qxf6 0-1

[Event "V Floripa Chess Open 2019"]
[Site "Florianopolis/SC"]
[Date "2019.01.23"]
[Round "4.63"]
[White "Santos Filho, Tadeu Sousa"]
[Black "Cardozo, Matheus Santos"]
[Result "1-0"]
[WhiteElo "2086"]
[BlackElo "1869"]
[PlyCount "131"]
[EventDate "2019.01.21"]
[EventRounds "10"]
[EventCountry "BRA"]

1. e4 c5 2. Nf3 d6 3. d4 cxd4 4. Nxd4 Nf6 5. f3 g6 6. c4 Bg7 7. Be3 O-O 8. Qd2 Nc6 9. Nc3 Bd7 10. Nc2 Qa5 11. Be2 Rfc8 12. O-O Ne5 13. b4 Qc7 14. Na3 a6 15. Rfc1 b6 16. Rab1 Be6 17. Na4 Ned7 18. Bf1 Qd8 19. Nc3 h5 20. Ne2 Ne5 21. Nd4 Bd7 22. Rc2 Ba4 23. Nb3 Bxb3 24. axb3 Ned7 25. Rbc1 Kh7 26. Nb1 a5 27. Nc3 axb4 28. Na4 Nc5 29. Qxb4 Ra6 30. Nc3 Nfd7 31. Rb1 Ne5 32. Nb5 Rca8 33. Qd2 Ra1 34. Rcc1 R1a2 35. Qd1 Nc6 36. b4 Ne6 37. f4 Bh6 38. g3 R2a4 39. Qd2 Ra2 40. Qd5 Nb8 41. Bh3 Nd7 42. Qd1 Nf6 43. Nc3 R2a3 44. Qe2 Nd7 45. Bg2 R8a6 46. h3 Bg7 47. Qd3 Kg8 48. Kh1 Kh7 49. Qd2 Bh6 50. Bf3 Bg7 51. Nd5 Ra2 52. Rc2 Ra1 53. Rxa1 Rxa1+ 54. Kg2 Nf6 55. Nxb6 Qb8 56. f5 Nc7 57. Qd3 Bh6 58. Bf2 Na6 59. Qc3 Rb1 60. Rb2 Rc1 61. Qd3 Kg7 62. Rb1 Rxb1 63. Qxb1 Qc7 64. Qb3 Qb8 65. fxg6 fxg6 66. Nd5 1-0

[Event "V Floripa Chess Open 2019"]
[Site "Florianopolis/SC"]
[Date "2019.01.23"]
[Round "4.64"]
[White "Alves, Josue Pires"]
[Black "Carvalho, Rafael Cunha De"]
[Result "0-1"]
[WhiteElo "1841"]
[BlackElo "2071"]
[PlyCount "114"]
[EventDate "2019.01.21"]
[EventRounds "10"]
[EventCountry "BRA"]

1. d4 Nf6 2. Nc3 d5 3. Bg5 Nbd7 4. a3 e6 5. Nf3 Be7 6. e3 c5 7. Bb5 O-O 8. Bd3 a6 9. h4 b5 10. h5 b4 11. axb4 cxb4 12. Ne2 Ne4 13. Bf4 Bb7 14. g4 f6 15. Ng3 a5 16. Rg1 a4 17. c4 bxc3 18. bxc3 Qa5 19. Kf1 a3 20. Qc2 Ba6 21. c4 Nxg3+ 22. Rxg3 Bxc4 23. Kg2 Bxd3 24. Qxd3 Qa6 25. Qb3 Qb6 26. Qa2 Qb2 27. Rh3 Nb6 28. Rhh1 Qxa2 29. Rxa2 Nc4 30. h6 g5 31. Bg3 Ra4 32. Rb1 Rb4 33. Rba1 Rb2 34. Kf1 Rc8 35. Ne1 Nd2+ 36. Kg2 Ne4 37. Nd3 Rxa2 38. Rxa2 Nxg3 39. Kxg3 Rc3 40. Nc5 Bxc5 41. dxc5 Kf7 42. c6 Ke7 43. c7 Kd7 44. Kf3 Kxc7 45. Ke2 Rb3 46. Rc2+ Kb7 47. Kd1 Rb1+ 48. Kd2 Rb2 49. Rxb2+ axb2 50. Kc2 Kc6 51. Kxb2 Kc5 52. Kc3 e5 53. f3 Kd6 54. Kb4 d4 55. exd4 exd4 56. Kc4 Ke5 57. Kd3 Kf4 0-1

[Event "V Floripa Chess Open 2019"]
[Site "Florianopolis/SC"]
[Date "2019.01.23"]
[Round "4.65"]
[White "Schiavo, Marcelo Da Silva"]
[Black "Boabaid, Jorge Alberto Duard"]
[Result "1/2-1/2"]
[WhiteElo "2070"]
[BlackElo "1868"]
[PlyCount "70"]
[EventDate "2019.01.21"]
[EventRounds "10"]
[EventCountry "BRA"]

1. d4 Nf6 2. c4 e6 3. Nf3 d5 4. Nc3 Nbd7 5. e3 Be7 6. Qc2 b6 7. cxd5 exd5 8. a3 c5 9. Bb5 Bb7 10. Ne5 Rc8 11. Qf5 g6 12. Bxd7+ Qxd7 13. Nxd7 gxf5 14. Ne5 cxd4 15. exd4 Ne4 16. Bd2 O-O 17. f3 Nxd2 18. Kxd2 Bg5+ 19. Kc2 f6 20. Nd3 Be3 21. Rad1 Bxd4 22. Nf4 Bxc3 23. bxc3 Rfd8 24. Rd4 Kf7 25. Re1 Rc4 26. Red1 Rdc8 27. Rxc4 Rxc4 28. Nxd5 Ke6 29. Ne3 Rh4 30. h3 Rh5 31. Rd4 Rg5 32. Kd2 h5 33. Rh4 Bc6 34. f4 Rg3 35. Rxh5 Bxg2 1/2-1/2

[Event "V Floripa Chess Open 2019"]
[Site "Florianopolis/SC"]
[Date "2019.01.23"]
[Round "4.66"]
[White "Valcarcel, Victor Ignacio Sant"]
[Black "Ulloa, Gabriel"]
[Result "0-1"]
[WhiteElo "1837"]
[BlackElo "2068"]
[PlyCount "104"]
[EventDate "2019.01.21"]
[EventRounds "10"]
[EventCountry "BRA"]

1. e4 c5 2. Nf3 d6 3. c3 Nf6 4. Be2 g6 5. O-O Bg7 6. d3 O-O 7. h3 Nc6 8. Be3 e5 9. Nbd2 Qe7 10. Nh2 Be6 11. f4 exf4 12. Bxf4 Nd7 13. Bg4 Nde5 14. Bxe6 Qxe6 15. Ndf3 Rad8 16. Qc2 d5 17. Rae1 dxe4 18. Rxe4 Nxf3+ 19. Nxf3 Qxa2 20. Ne5 Qd5 21. Nxc6 Qxc6 22. Qe2 Rfe8 23. Re1 Rxe4 24. Qxe4 Qxe4 25. Rxe4 Bf8 26. d4 cxd4 27. cxd4 f5 28. Bg5 Rd7 29. Re8 Kf7 30. Rb8 Bg7 31. Be3 f4 32. Bf2 Ke6 33. Kf1 Kd5 34. Ke2 Bxd4 35. Bxd4 Kxd4 36. Kf3 Kc4 37. Re8 Kb3 38. Re2 a5 39. Kxf4 a4 40. Kg4 b5 41. Kg5 b4 42. h4 a3 43. bxa3 bxa3 44. Re3+ Kb2 45. Re2+ Kc3 46. Re3+ Rd3 47. Re7 Kb2 48. Kh6 a2 49. Re2+ Kb3 50. Rxa2 Kxa2 51. Kxh7 Rd6 52. h5 g5 0-1

[Event "V Floripa Chess Open 2019"]
[Site "Florianopolis/SC"]
[Date "2019.01.23"]
[Round "4.67"]
[White "Piccoli, Lucas Fonseca"]
[Black "Filho, Marcelo Adriano Nun"]
[Result "1-0"]
[WhiteElo "2062"]
[BlackElo "1866"]
[PlyCount "69"]
[EventDate "2019.01.21"]
[EventRounds "10"]
[EventCountry "BRA"]

1. c4 e6 2. g3 d5 3. Nf3 Nf6 4. Bg2 dxc4 5. Qa4+ c6 6. Qxc4 b5 7. Qc2 Bb7 8. O-O Nbd7 9. d3 Rc8 10. Nc3 a6 11. a4 Be7 12. e4 O-O 13. h3 c5 14. axb5 axb5 15. Nxb5 c4 16. dxc4 Bxe4 17. Qe2 Nc5 18. Rd1 Bd3 19. Qe3 Ra8 20. Rxa8 Qxa8 21. Rxd3 Nxd3 22. Qxd3 Rd8 23. Qc2 Bc5 24. Ne5 Qa5 25. Nd3 Nh5 26. Kh2 Be7 27. Be3 g6 28. Bd2 Qb6 29. Bc3 f6 30. Qe2 Kf7 31. Qf3 Ng7 32. Ne5+ Kf8 33. Nc6 Rd7 34. Nxe7 Rxe7 35. Bb4 1-0

[Event "V Floripa Chess Open 2019"]
[Site "Florianopolis/SC"]
[Date "2019.01.23"]
[Round "4.68"]
[White "Souza, Iago Henrique Da Si"]
[Black "Silva, Janderson Rossi Da"]
[Result "1/2-1/2"]
[WhiteElo "2060"]
[BlackElo "1850"]
[PlyCount "79"]
[EventDate "2019.01.21"]
[EventRounds "10"]
[EventCountry "BRA"]

1. d4 Nf6 2. Nf3 d5 3. Bg5 h6 4. Bh4 Bf5 5. e3 e6 6. Bd3 Bxd3 7. Qxd3 c6 8. Nbd2 Bd6 9. Ne5 g5 10. Bg3 Nh5 11. e4 Nxg3 12. hxg3 Nd7 13. Nxd7 Qxd7 14. O-O-O O-O-O 15. Kb1 f5 16. exf5 exf5 17. Rde1 Rde8 18. Nf3 Re4 19. Nd2 Re6 20. Rc1 Qf7 21. c4 Re7 22. c5 Bc7 23. b4 a6 24. a4 Qe6 25. Rhe1 Qxe1 26. Rxe1 Rxe1+ 27. Kc2 f4 28. Nf3 Re4 29. Nd2 Re7 30. g4 Rhe8 31. b5 axb5 32. axb5 Re2 33. b6 Bb8 34. Qf5+ Kd8 35. Qf6+ Kc8 36. Qf7 R8e7 37. Qf8+ Re8 38. Qf7 R8e7 39. Qf6 Re8 40. Qf7 1/2-1/2

[Event "V Floripa Chess Open 2019"]
[Site "Florianopolis/SC"]
[Date "2019.01.23"]
[Round "4.69"]
[White "Schena, Arthur"]
[Black "Cantero, Rodolfo"]
[Result "0-1"]
[WhiteElo "1831"]
[BlackElo "2055"]
[PlyCount "55"]
[EventDate "2019.01.21"]
[EventRounds "10"]
[EventCountry "BRA"]

1. Nf3 c5 2. g3 g6 3. Bg2 Bg7 4. d3 Nc6 5. O-O d6 6. e4 e5 7. Nbd2 Nge7 8. Nh4 O-O 9. f4 exf4 10. gxf4 f5 11. Nc4 d5 12. exd5 Nxd5 13. Nf3 b6 14. Nfe5 Bb7 15. Nxc6 Bxc6 16. Ne5 Bxe5 17. fxe5 Nb4 18. Qe2 Bxg2 19. Kxg2 Qd5+ 20. Kh3 Rfe8 21. Bf4 Nc6 22. Rae1 Qxa2 23. b3 Nd4 24. Qg2 Qxc2 25. Qd5+ Ne6 26. Bg5 Qc3 27. Bf6 Qd4 28. Qb7 0-1

[Event "V Floripa Chess Open 2019"]
[Site "Florianopolis/SC"]
[Date "2019.01.23"]
[Round "4.70"]
[White "Ermel, Francisco Roberto"]
[Black "Salvadego, Matheus Henrique De"]
[Result "1/2-1/2"]
[WhiteElo "2054"]
[BlackElo "1844"]
[PlyCount "35"]
[EventDate "2019.01.21"]
[EventRounds "10"]
[EventCountry "BRA"]

1. e4 c5 2. Nf3 Nc6 3. d3 g6 4. g3 Bg7 5. Bg2 e5 6. O-O Nge7 7. c3 O-O 8. Be3 d6 9. d4 exd4 10. cxd4 Qb6 11. Nc3 Qxb2 12. Na4 Qa3 13. dxc5 Rd8 14. Bc1 Qb4 15. Bd2 Qa3 16. Bc1 Qb4 17. Bd2 Qa3 18. Rc1 1/2-1/2

[Event "V Floripa Chess Open 2019"]
[Site "Florianopolis/SC"]
[Date "2019.01.23"]
[Round "4.71"]
[White "De Freitas, Julio Eimard"]
[Black "De Oliveira, Gustavo Alfredo Bue"]
[Result "0-1"]
[WhiteElo "1822"]
[BlackElo "2052"]
[PlyCount "77"]
[EventDate "2019.01.21"]
[EventRounds "10"]
[EventCountry "BRA"]

1. d4 Nf6 2. Nf3 g6 3. g3 Bg7 4. Bg2 O-O 5. c4 d6 6. O-O Nbd7 7. Nc3 e5 8. h3 exd4 9. Nxd4 Re8 10. Be3 a5 11. Qc2 Nh5 12. Ne4 h6 13. g4 Nhf6 14. Ng3 Nc5 15. Rad1 Nfd7 16. Nb5 Rb8 17. Qd2 Kh7 18. Qxa5 b6 19. Qd2 Bb7 20. b3 Bxg2 21. Kxg2 Ne4 22. Nxe4 Rxe4 23. f3 Re8 24. Bd4 Bxd4 25. Nxd4 Qe7 26. Rf2 Ra8 27. Nb5 Nc5 28. Nc3 f5 29. Nd5 Qf7 30. g5 hxg5 31. Qxg5 Kg7 32. e4 fxe4 33. fxe4 Qxf2+ 34. Kxf2 Nxe4+ 35. Kg1 Nxg5 36. Nxc7 Nxh3+ 37. Kh2 Re2+ 38. Kxh3 Re3+ 39. Kg4 0-1

[Event "V Floripa Chess Open 2019"]
[Site "Florianopolis/SC"]
[Date "2019.01.23"]
[Round "4.72"]
[White "Sosa, Alexandro Brum"]
[Black "Almeida Junior, Alvaro Alves De"]
[Result "1/2-1/2"]
[WhiteElo "1807"]
[BlackElo "2039"]
[PlyCount "174"]
[EventDate "2019.01.21"]
[EventRounds "10"]
[EventCountry "BRA"]

1. c4 e5 2. g3 Nf6 3. Bg2 d5 4. cxd5 Nxd5 5. Nc3 Nb6 6. Nf3 Nc6 7. O-O Be7 8. a3 a5 9. d3 O-O 10. Be3 Be6 11. Na4 e4 12. Ne1 exd3 13. Nxd3 Re8 14. Nxb6 cxb6 15. Nf4 Bc5 16. Bxc5 bxc5 17. Bxc6 bxc6 18. Nxe6 Rxe6 19. Qxd8+ Rxd8 20. Rfd1 Rxd1+ 21. Rxd1 Kf8 22. e3 Ke7 23. Kf1 Re4 24. Rc1 Kd6 25. Ke2 Re5 26. Rc4 Kc7 27. f4 Rd5 28. Re4 Rd7 29. Re5 Kb6 30. g4 Kb5 31. Re8 Kc4 32. Ra8 Rb7 33. Rxa5 Rxb2+ 34. Kf3 Rb7 35. Ke4 Re7+ 36. Kf3 Rb7 37. Ke4 Re7+ 38. Kf3 Kd5 39. Ke2 Rb7 40. h4 g6 41. Kd3 f5 42. gxf5 gxf5 43. Ra8 c4+ 44. Kd2 Rb2+ 45. Kc3 Rb3+ 46. Kd2 Ke4 47. Re8+ Kf3 48. a4 Ra3 49. Re5 Kg4 50. h5 Rxa4 51. h6 Ra3 52. Rc5 Rd3+ 53. Ke2 Rd6 54. Rxc4 Rxh6 55. Rc1 Rh2+ 56. Kd3 Kf3 57. Rf1+ Kg2 58. Rc1 Kf3 59. Rf1+ Kg2 60. Rc1 Rh6 61. Kd4 Re6 62. Rc5 Re4+ 63. Kd3 Kf3 64. Re5 Ra4 65. Rxf5 Ra3+ 66. Kd4 Rxe3 67. Rh5 Re7 68. Rh6 Kxf4 69. Rf6+ Kg4 70. Rxc6 h5 71. Rg6+ Kh3 72. Rg8 h4 73. Kd3 Kh2 74. Rg6 h3 75. Rg8 Kh1 76. Kd2 Re4 77. Rg7 Ra4 78. Ke2 Ra2+ 79. Kf1 Rg2 80. Rh7 Kh2 81. Rh8 Rg7 82. Rf8 Kh1 83. Kf2 Ra7 84. Kg3 Ra3+ 85. Kf2 Ra1 86. Kg3 h2 87. Kf2 Rf1+ 1/2-1/2